000
00333nam a2200133Ia 4500
008
240624s9999 xx 000 0 und d
041
_a
eng
082
_a
828 PRI
100
_a
PRICE MUNRO
245
_a
NAPOLEON THE END OF GLORY
260
_c
2014
_a
New Delhi
_b
Oxford India
300
_a
xx, : 324 : p. : cm. ; 24
365
_c
RS
_b
25
999
_c
23864
_d
23864